000 00931nas a2200313 4500
001 BR0404173
003 BR-BrBNA
005 20231205104816.0
007 ta
008 230509b bl.|||p| |||| 00| 00por d
040 _aBR-BrBNA
_bpor
_cBiblioteca Nacional de Agricultura
041 _a(Pt)
072 _aQ03
100 1 _aSantos, L.R. dos
100 1 _aDickel, E.L.
100 1 _aRodrigues, L.B.
100 1 _aNascimento, V.P. do
100 1 _aRibeiro, A.R.
245 1 _aIdentificação de Salmonella enteritidis fagotipo 6a em amostras de alimentos, humanos e materiais de origem avícola
650 _aFRANGO
650 _aCARCAÇA
650 _aSALMONELOSE
650 _aTOXIDEZ
650 _aZOONOSE
650 _aSAÚDE PÚBLICA
773 0 _tHigiene Alimentar (Brazil)
_xISSN 0101-9171
_g(Apr 2004), v. 18(119) p. 64-67
_wBR0404173
909 _a202311
_bLúcia
_c55
_dLúcia Elande
942 _2AGRIS
_n0
_cANA
999 _c179774
_d179774